000 00578nam a2200193Ia 4500
005 20250508165518.0
008 008 250505s9999 xx 000 0 hin d
037 _aDissertations
040 _aFEDL
_beng
_cFEDL
041 _ahin
_2eng
084 _a507, SHA/DI
_qFEDL
100 _aSharma Lav Ashish
_9781051
245 0 _aMadhyamik ster per vigyan shikshakon ke samaksh aane valee samsyain: Ek adhyayan
260 _c2015
300 _a67p.
546 _aM.Ed. Dissertation, (Delhi University)
942 _cDIS
_h507, SHA/DI
999 _c1395567
_d1395567